Sonno, sogni e sognatori : conferenza letta all'Ateneo di Venezia il 25 febbraio 1887 /

Uloženo v:
Podrobná bibliografie
Hlavní autor: Levi, Cesare Augusto (Autor)
Médium: Kniha
Jazyk:italština
Vydáno: Bologna : Ponte Nuovo, s1985
Tagy: Přidat tag
Žádné tagy, Buďte první, kdo vytvoří štítek k tomuto záznamu!

MARC

LEADER 00000nam a22000007i 4500
001 IT\ICCU\UBO\3181148
003 ItRI
005 20260115232239.0
008 070410s1985 it |||||| |||||0|||||c
040 |b ita  |c importazione bologna sebina 
041 7 |a ita  |2 ISO-639-2 
100 1 |a Levi, Cesare Augusto  |0 IT\ICCU\VEAV\022903  |4 aut 
245 1 0 |a Sonno, sogni e sognatori :  |b conferenza letta all'Ateneo di Venezia il 25 febbraio 1887 /  |c Cesare Augusto Levi ; presentazione di Francesco Santucci. 
260 |a Bologna :  |b Ponte Nuovo,  |c s1985 
300 |a 73 p. ;  |c 14 cm. 
942 |2 ddc  |c BK  |n 0 
952 |0 0  |1 0  |4 0  |6 DOC_154_630000000000000_LEV  |7 0  |9 22853  |a BO  |b BO  |d 2026-01-15  |i 5720  |l 0  |o DOC 154.63 LEV  |p BO5720  |r 2026-01-15 23:22:39  |w 2026-01-15  |x [Sebina 5] [1 v.]  |y BK  |z 1 v. 
999 |c 19507  |d 19507